|
|
|
|
| LEADER |
01459nam a2200325 u 4500 |
| 001 |
10011831 |
| 003 |
upatras |
| 005 |
20210505082953.0 |
| 008 |
881025m19981998us eng |
| 020 |
|
|
|a 0801666449
|
| 040 |
|
|
|a GR-PaULI
|c GR-PaULI
|
| 041 |
0 |
|
|a eng
|
| 082 |
0 |
4 |
|a WE 830
|
| 245 |
1 |
0 |
|a The wrist
|b diagnosis and operative treatment
|c edited by William P. Cooney, Ronald L. Linscheid, James H. Dobyns
|
| 260 |
|
|
|a St. Louis
|b Mosby
|c 1998
|
| 300 |
|
|
|a 2 v.
|b fig.
|c 28 cm
|
| 504 |
|
|
|a Includes references, index
|
| 505 |
0 |
|
|a v.1. - var. pag. --
|a v.2. - var. pag.
|
| 650 |
|
4 |
|a Διάγνωση
|9 3189
|
| 650 |
|
4 |
|a Τραυματολογία
|9 33305
|
| 650 |
|
4 |
|a Άκρα, Άνω (Ανατομία)
|x Καρπός
|9 60182
|
| 700 |
1 |
|
|a Cooney, William P.
|4 edt
|9 129896
|
| 700 |
1 |
|
|a Dobyns, James H.
|4 edt
|9 129897
|
| 700 |
1 |
|
|a Linscheid, Ronald L.
|4 edt
|9 129898
|
| 852 |
|
|
|a GR-PaULI
|b ΠΑΤΡΑ
|b ΙΑΤΡΙΚΗ
|k ΟΧΙΔ-10
|h WE 830 COO
|m 3276
|p 025000026425
|t 1
|3 v.1
|
| 852 |
|
|
|a GR-PaULI
|b ΠΑΤΡΑ
|b ΙΑΤΡΙΚΗ
|k ΟΧΙΔ-10
|h WE 830 COO
|m 3277
|p 025000026426
|t 1
|3 v.2
|
| 942 |
|
|
|2 ddc
|c BKN
|
| 952 |
|
|
|0 0
|1 0
|3 v.1
|4 0
|6 WE_830_000000000000000_COO
|7 0
|9 145361
|a MEDI
|b MEDI
|d 2016-04-24
|i 3276
|l 0
|o WE 830 COO
|p 025000026425
|r 2016-04-24 00:00:00
|t 1
|w 2016-04-24
|y BKN
|
| 952 |
|
|
|0 0
|1 0
|3 v.2
|4 0
|6 WE_830_000000000000000_COO
|7 0
|9 145362
|a MEDI
|b MEDI
|d 2016-04-24
|i 3277
|l 0
|o WE 830 COO
|p 025000026426
|r 2016-04-24 00:00:00
|t 1
|w 2016-04-24
|y BKN
|
| 999 |
|
|
|c 94630
|d 94630
|